000
00314nam a2200109Ia 4500
008
180309s9999 xx 000 0 und d
020
_a
2894291760
245
_a
Webster's universal dictionary and thesaurus /
260
_a
Canada :
_b
1993
_c
Tormont pub
300
_a
941 pages
650
_a
English language -- Grammar
999
_c
356107
_d
356107